000 00253nam a2200097Ia 4500
001 640748
005 20250826153453.0
008 250824s9999 xx 000 0 und d
245 0 _aDELİRECEĞİM DE VAKİT BULAMIYORUM
_cMİNE SOTA
260 _bGENÇ TİMAŞ
999 _c640748
_d640748